[Event "Frankfurt Ch 2009"]
[Site "Ffm-Kalbach, LAZ"]
[Date "2009.05.11"]
[Round "3.1"]
[White "Kosak, Michael"]
[Black "Dubiel, Jacek"]
[Result "1/2-1/2"]
[WhiteElo "2128"]
[BlackElo "2397"]
[PlyCount "108"]
[EventDate "2009.??.??"]
[WhiteTeam "SK 1858 Gießen"]
[BlackTeam "vereinslos"]

1. d4 Nf6 2. c4 e6 3. Nc3 Bb4 4. Qc2 O-O 5. a3 Bxc3+ 6. Qxc3 b5 7. cxb5 c6 8.
Bg5 cxb5 9. e3 Bb7 10. Nf3 h6 11. Bh4 g5 12. Bg3 Ne4 13. Qc2 Na6 14. Bd3 Qa5+
15. Ke2 Rac8 16. Qb1 f5 17. Rd1 Nc7 18. Bxc7 Rxc7 19. Ne1 Qb6 20. f3 Nf6 21.
Kf1 Nd5 22. Ke2 Rfc8 23. g3 Nf6 24. Kf2 Kh8 25. Be2 Rf8 26. Qd3 a6 27. Rac1 g4
28. Rxc7 Qxc7 29. Qc3 Qxc3 30. bxc3 gxf3 31. Bxf3 Bxf3 32. Kxf3 Rc8 33. Rc1 Ne4
34. g4 Nxc3 35. gxf5 exf5 36. Nd3 Rc6 37. Nc5 Nd5 38. Rg1 d6 39. Rg6 Ne7 40.
Re6 dxc5 41. Rxe7 c4 42. Ke2 c3 43. Kd1 c2+ 44. Kc1 Kg8 45. Ra7 Kf8 46. d5 Rc3
47. Rxa6 Rxe3 48. Rxh6 Rxa3 49. Kxc2 Ke7 50. Rb6 f4 51. Rxb5 Kd6 52. Kd2 Ra2+
53. Ke1 Rxh2 54. Kf1 Ke5 1/2-1/2

[Event "Frankfurt Ch 2009"]
[Site "Ffm-Kalbach, LAZ"]
[Date "2009.05.11"]
[Round "3.2"]
[White "Telljohann, Sven"]
[Black "Janotta, Steffi"]
[Result "1-0"]
[WhiteElo "2415"]
[BlackElo "2027"]
[PlyCount "43"]
[EventDate "2009.??.??"]
[WhiteTeam "Sfr. Schöneck"]
[BlackTeam "SC Heusenstamm"]

1. Nf3 d5 2. g3 c6 3. Bg2 Bg4 4. b3 Nd7 5. Bb2 e6 6. c4 Ngf6 7. O-O Bd6 8. d3
O-O 9. Nbd2 Re8 10. h3 Bxf3 11. Nxf3 e5 12. cxd5 cxd5 13. Nh4 Qb6 14. Nf5 Bf8
15. Qd2 Rac8 16. Rac1 Nc5 17. Qg5 Kh8 18. Ne3 h6 19. Qf5 g6 20. Qf3 Rcd8 21. d4
e4 22. dxc5 1-0

[Event "Frankfurt Ch 2009"]
[Site "Ffm-Kalbach, LAZ"]
[Date "2009.05.11"]
[Round "3.3"]
[White "Malek, Daniel"]
[Black "Marzahn, Heiko"]
[Result "1-0"]
[WhiteElo "2313"]
[BlackElo "1985"]
[PlyCount "83"]
[EventDate "2009.??.??"]
[WhiteTeam "SV Oberursel"]
[BlackTeam "Sfr.Erbach"]

1. d4 Nf6 2. c4 g6 3. Nc3 Bg7 4. e4 d6 5. Nf3 O-O 6. Be2 e5 7. O-O Nc6 8. d5
Ne7 9. b4 Nh5 10. Re1 f5 11. Ng5 Nf6 12. Bf3 c6 13. Bb2 h6 14. Ne6 Bxe6 15.
dxe6 fxe4 16. Nxe4 Nxe4 17. Rxe4 Nf5 18. b5 Qc7 19. Re2 Rf6 20. Qa4 Ne7 21.
bxc6 bxc6 22. c5 Rxe6 23. cxd6 Qxd6 24. Ba3 Qd8 25. Rd1 Nd5 26. Rc2 Qe8 27. Be4
Kh8 28. h4 Rd8 29. Rdc1 Bf6 30. h5 Bg5 31. Rb1 gxh5 32. Qxa7 Nf6 33. Bf5 Ra8
34. Qc7 Rc8 35. Qb7 Rd8 36. Bxe6 Qxe6 37. Qxc6 Qg4 38. Qf3 Qa4 39. Rc7 e4 40.
Qb3 Qd4 41. Bb2 Qd6 42. Qf7 1-0

[Event "Frankfurt Ch 2009"]
[Site "Ffm-Kalbach, LAZ"]
[Date "2009.05.11"]
[Round "3.4"]
[White "Czech, Ludwig"]
[Black "Zude, Erik"]
[Result "0-1"]
[WhiteElo "2085"]
[BlackElo "2377"]
[PlyCount "100"]
[EventDate "2009.??.??"]
[WhiteTeam "VSG 1880 Offenbach"]
[BlackTeam "SV 1920 Hofheim"]

1. c4 e5 2. g3 Nf6 3. Bg2 d5 4. cxd5 Nxd5 5. Nf3 Nc6 6. O-O Nb6 7. d3 Be7 8.
Nbd2 Be6 9. b3 f5 10. Bb2 Bf6 11. Rc1 Qd6 12. Qc2 O-O 13. Rfd1 Rf7 14. Nc4 Nxc4
15. dxc4 Qc5 16. e3 Raf8 17. Rd2 Qe7 18. Rcd1 Bc8 19. Qc1 Qe8 20. Qa1 e4 21.
Ne1 Ne5 22. Qc1 b6 23. c5 Ba6 24. Bxe5 Bxe5 25. Qa3 Qc8 26. b4 Bf6 27. Qb3 bxc5
28. bxc5 Qb8 29. Qa3 Bc4 30. Qa4 Qb5 31. Qc2 h5 32. Rb1 Qa5 33. Bf1 Bxf1 34.
Kxf1 Bc3 35. Rdd1 Bxe1 36. Rxe1 h4 37. Kg2 Qa6 38. h3 Kh8 39. c6 Rf6 40. Rec1
Qa3 41. Rb3 Qe7 42. Rd1 Qe8 43. Rd7 Qg6 44. Rxc7 Qh5 45. Rbb7 Qf3+ 46. Kf1 Rg6
47. Qb2 hxg3 48. Rxg7 g2+ 49. Kg1 Qd1+ 50. Kh2 Qh1# 0-1

[Event "Frankfurt Ch 2009"]
[Site "Ffm-Kalbach, LAZ"]
[Date "2009.05.11"]
[Round "3.5"]
[White "Solonar, Stefan"]
[Black "Perlitz, Sven"]
[Result "1/2-1/2"]
[WhiteElo "2371"]
[BlackElo "2152"]
[PlyCount "120"]
[EventDate "2009.??.??"]
[WhiteTeam "SC Heusenstamm"]
[BlackTeam "SC 1961 König Nied"]

1. Nf3 Nf6 2. c4 g6 3. Nc3 d5 4. Qa4+ Bd7 5. Qb3 dxc4 6. Qxc4 a6 7. e4 b5 8.
Qb3 c5 9. d4 cxd4 10. Nxd4 Nc6 11. Nxc6 Bxc6 12. f3 Bg7 13. Be3 O-O 14. Be2 Qc7
15. O-O Rfd8 16. a4 bxa4 17. Nxa4 Nd7 18. Rfc1 Qb7 19. Qxb7 Bxb7 20. Rc7 Bc8
21. Rd1 Be5 22. Rc2 Bd6 23. f4 f6 24. Bc4+ Kg7 25. Bd5 Rb8 26. Rdc1 Bb7 27.
Bxb7 Rxb7 28. Kf2 Rb4 29. Rc4 Rdb8 30. Ke2 Kf7 31. Kd3 Rxc4 32. Rxc4 Rb3+ 33.
Kc2 Rb4 34. Rxb4 Bxb4 35. Kd3 Bd6 36. Kc4 e6 37. g3 Ke8 38. Bd2 Kd8 39. Ba5+
Kc8 40. Bb4 Bc7 41. Be7 f5 42. exf5 gxf5 43. Kd4 Kb7 44. Nc5+ Nxc5 45. Kxc5 e5
46. fxe5 Bxe5 47. b3 f4 48. gxf4 Bxf4 49. h3 Kc7 50. Bf8 Be3+ 51. Kd5 Kd7 52.
Bb4 Bg5 53. Bc5 Bf6 54. Be3 Bc3 55. Bc5 Bf6 56. Bf8 Bb2 57. Bb4 Bg7 58. Ba5 Bh6
59. Bc3 Bf8 60. Bd4 Bd6 1/2-1/2

[Event "Frankfurt Ch 2009"]
[Site "Ffm-Kalbach, LAZ"]
[Date "2009.05.11"]
[Round "3.6"]
[White "Schlamp, Robert"]
[Black "Rutkowski, Jörg"]
[Result "1-0"]
[WhiteElo "2301"]
[BlackElo "2072"]
[PlyCount "53"]
[EventDate "2009.??.??"]
[WhiteTeam "SV Oberursel"]
[BlackTeam "SC Frankfurt-West"]

1. Nf3 d5 2. b3 Nf6 3. Bb2 Bf5 4. e3 h6 5. d4 e6 6. Bd3 Nbd7 7. Bxf5 exf5 8.
O-O Bd6 9. c4 c6 10. Nc3 O-O 11. cxd5 Nxd5 12. Qd3 Nxc3 13. Bxc3 g6 14. d5 c5
15. Qb5 Rb8 16. a4 Qe7 17. a5 Nf6 18. Rad1 Ne4 19. Ba1 Rfe8 20. Qe2 Ng5 21. Ne1
Ne4 22. Nd3 Kh7 23. Qb2 Rg8 24. f3 Ng5 25. h4 Nxf3+ 26. Rxf3 Qxh4 27. Rh3 1-0

[Event "Frankfurt Ch 2009"]
[Site "Ffm-Kalbach, LAZ"]
[Date "2009.05.11"]
[Round "3.7"]
[White "Rosa, Mike"]
[Black "Isserman, Ryhor"]
[Result "0-1"]
[WhiteElo "2119"]
[BlackElo "2266"]
[PlyCount "68"]
[EventDate "2009.??.??"]
[WhiteTeam "Chess Tigers SFV"]
[BlackTeam "SK Bad Homburg 1927"]

1. e4 c5 2. Nf3 Nc6 3. d4 cxd4 4. Nxd4 Nf6 5. Nc3 d6 6. Bg5 Bd7 7. Qd2 h6 8.
Bxf6 gxf6 9. O-O-O a6 10. f4 e6 11. Be2 h5 12. Kb1 Qb6 13. Rhe1 O-O-O 14. Bf3
Qxd4 15. Qxd4 Nxd4 16. Rxd4 Bc6 17. Red1 Kc7 18. a4 Be7 19. b4 b5 20. axb5 axb5
21. Be2 Kb6 22. g3 h4 23. g4 Rc8 24. Kb2 Rc7 25. R4d3 Rhc8 26. Re3 Bf8 27. Bd3
Bh6 28. Ne2 d5 29. exd5 Bxd5 30. Rh3 Bg7 31. f5 e5 32. c3 Bg2 33. Rxh4 Bf3 34.
Rh3 e4 0-1

[Event "Frankfurt Ch 2009"]
[Site "Ffm-Kalbach, LAZ"]
[Date "2009.05.11"]
[Round "3.8"]
[White "Zuyev, Igor"]
[Black "Graebner, Walter"]
[Result "1-0"]
[WhiteElo "2308"]
[BlackElo "2053"]
[PlyCount "95"]
[EventDate "2009.??.??"]
[WhiteTeam "SC Ladja Roßdorf"]
[BlackTeam "SC 1961 König Nied"]

1. e4 c6 2. d4 d5 3. exd5 cxd5 4. Bd3 Nc6 5. c3 Qc7 6. Ne2 e6 7. Bf4 Bd6 8. Qd2
Nf6 9. Na3 a6 10. Bxd6 Qxd6 11. f4 b5 12. O-O O-O 13. Rae1 Na5 14. Qe3 Ng4 15.
Qg3 f5 16. Nc2 Nf6 17. b3 Bb7 18. Ne3 Ne4 19. Bxe4 dxe4 20. Ra1 Rac8 21. Qg5
Qd8 22. Rad1 Bd5 23. Rc1 Rc7 24. Qh5 Qe7 25. Qh3 Qa3 26. Rfe1 Qxa2 27. Ra1 Qd2
28. Nf1 Qb2 29. Rxa5 Bxb3 30. Rxa6 b4 31. Rb6 bxc3 32. Qe3 Rfc8 33. d5 exd5 34.
Nc1 Qa3 35. Nxb3 c2 36. Qd4 c1=Q 37. Rxc1 Rxc1 38. Qxd5+ Kh8 39. Nxc1 Qxc1 40.
Qxf5 Qc4 41. Rb4 Qc3 42. Rxe4 h6 43. Re7 Qd4+ 44. Ne3 Rc1+ 45. Kf2 Rc3 46. Qe5
Qd2+ 47. Kg3 Qe1+ 48. Kh3 1-0

[Event "Frankfurt Ch 2009"]
[Site "Ffm-Kalbach, LAZ"]
[Date "2009.05.11"]
[Round "3.9"]
[White "Richter, Tobias"]
[Black "Brüggemann, Ludger"]
[Result "0-1"]
[WhiteElo "2099"]
[BlackElo "2211"]
[PlyCount "54"]
[EventDate "2009.??.??"]
[WhiteTeam "SV Merseburg e. V."]
[BlackTeam "Sfr. Olfen 1975"]

1. d4 Nf6 2. c4 g6 3. Nc3 Bg7 4. e4 d6 5. Be2 O-O 6. Bg5 c5 7. d5 b5 8. cxb5 a6
9. a4 Qa5 10. Qd2 axb5 11. Bxb5 Ba6 12. Bd3 Bxd3 13. Qxd3 Nxe4 14. Nge2 Nxg5
15. h4 Ne4 16. Qxe4 Qb4 17. Qc2 h5 18. Ra3 Na6 19. Rb3 Qg4 20. Kf1 Nb4 21. Qd2
Qc4 22. Qd1 e6 23. dxe6 fxe6 24. Rh3 Bd4 25. Ne4 d5 26. Nd2 Rxf2+ 27. Ke1 Nc2+
0-1

[Event "Frankfurt Ch 2009"]
[Site "Ffm-Kalbach, LAZ"]
[Date "2009.05.11"]
[Round "3.10"]
[White "Djakow, Alexander"]
[Black "Rapoport, Vladimir"]
[Result "0-1"]
[WhiteElo "1802"]
[BlackElo "2296"]
[PlyCount "76"]
[EventDate "2009.??.??"]
[WhiteTeam "SC Bad Nauheim"]
[BlackTeam "SC Heusenstamm"]

1. d4 Nf6 2. c4 e6 3. Nf3 c5 4. e3 d5 5. cxd5 Nxd5 6. Nc3 cxd4 7. exd4 Be7 8.
Bc4 Nb6 9. Bb3 N8d7 10. Bf4 Nf6 11. O-O O-O 12. Rc1 Bd7 13. d5 exd5 14. Nxd5
Nfxd5 15. Bxd5 Nxd5 16. Qxd5 Bc6 17. Qh5 Qd5 18. Qxd5 Bxd5 19. Rc7 Bd8 20. Rd7
Bc6 21. Rdd1 Re8 22. Nd4 Bd5 23. b3 Re4 24. Rfe1 Rxe1+ 25. Rxe1 Ba5 26. Re5 Rd8
27. Nf5 Be6 28. Ne3 Bb6 29. Kf1 Rd2 30. a4 h6 31. Ke1 Rb2 32. a5 Bd4 33. Re4
Bc3+ 34. Kf1 Rxb3 35. Nd1 Bxa5 36. Ke2 b5 37. f3 Bc4+ 38. Kf2 Rb1 0-1

[Event "Frankfurt Ch 2009"]
[Site "Ffm-Kalbach, LAZ"]
[Date "2009.05.11"]
[Round "3.11"]
[White "Uwira, Oliver"]
[Black "Göbel, Andreas"]
[Result "1-0"]
[WhiteElo "2286"]
[BlackElo "2047"]
[PlyCount "85"]
[EventDate "2009.??.??"]
[WhiteTeam "SC 1961 König Nied"]
[BlackTeam "SC Brett vor'm Kopp Ffm"]

1. d4 Nf6 2. c4 e6 3. Nc3 Bb4 4. e3 c5 5. Bd3 Bxc3+ 6. bxc3 d6 7. Ne2 O-O 8.
O-O Nc6 9. e4 e5 10. d5 Ne7 11. f3 Ng6 12. Bg5 h6 13. Be3 Nh5 14. Qd2 Qh4 15.
g4 Bxg4 16. fxg4 Qxg4+ 17. Kh1 Nh4 18. Ng1 b5 19. cxb5 c4 20. Qe2 Qg6 21. Bc2
f5 22. exf5 Nxf5 23. Rxf5 Rxf5 24. Rf1 Raf8 25. Rxf5 Rxf5 26. Bxf5 Qxf5 27. Qf3
Nf4 28. Bxf4 exf4 29. Ne2 g5 30. Nd4 Qb1+ 31. Kg2 Qxa2+ 32. Qe2 Qa1 33. Nf5
Qxc3 34. Qe8+ Kh7 35. Qf7+ Kh8 36. Qf8+ Kh7 37. Qxh6+ Kg8 38. Qxg5+ Kh7 39.
Qxf4 Qf6 40. Kf3 c3 41. Ne3 Qg6 42. Qh4+ Kg7 43. Qg4 1-0

[Event "Frankfurt Ch 2009"]
[Site "Ffm-Kalbach, LAZ"]
[Date "2009.05.11"]
[Round "3.12"]
[White "Klyszcz, Michael"]
[Black "Sadeghi, Behrang"]
[Result "1/2-1/2"]
[WhiteElo "2056"]
[BlackElo "2283"]
[PlyCount "42"]
[EventDate "2009.??.??"]
[WhiteTeam "SC Heusenstamm"]
[BlackTeam "Sfr.1891 Friedberg"]

1. c4 c5 2. g3 Nc6 3. Bg2 Nf6 4. Nc3 g6 5. Nf3 Bg7 6. O-O O-O 7. d3 d6 8. Bd2
Rb8 9. Rb1 a6 10. Ne1 Bd7 11. a3 b5 12. cxb5 axb5 13. b4 cxb4 14. axb4 Nd4 15.
e3 Nf5 16. Nc2 e6 17. e4 Ne7 18. Qe2 Qc7 19. Rfc1 Rfc8 20. Na3 Qd8 21. d4 e5
1/2-1/2

[Event "Frankfurt Ch 2009"]
[Site "Ffm-Kalbach, LAZ"]
[Date "2009.05.11"]
[Round "3.13"]
[White "Kaliski, Erwin"]
[Black "Fischer, Manfred"]
[Result "1-0"]
[WhiteElo "2231"]
[BlackElo "1986"]
[PlyCount "37"]
[EventDate "2009.??.??"]
[WhiteTeam "SC Bad Nauheim"]
[BlackTeam "SC FK Babenhausen 1994"]

1. e4 c5 2. c3 d5 3. exd5 Qxd5 4. d4 e6 5. Nf3 cxd4 6. cxd4 Nf6 7. Nc3 Qa5 8.
Bd3 Be7 9. O-O O-O 10. Ne5 Nbd7 11. Re1 a6 12. Bg5 Re8 13. Qc2 h6 14. Bh4 b5
15. Nc6 Qb6 16. d5 b4 17. Na4 Qb7 18. dxe6 fxe6 19. Bg6 1-0

[Event "Frankfurt Ch 2009"]
[Site "Ffm-Kalbach, LAZ"]
[Date "2009.05.11"]
[Round "3.15"]
[White "Kolker, Vladislav"]
[Black "Reschke, Stefan"]
[Result "1/2-1/2"]
[WhiteElo "2100"]
[BlackElo "2375"]
[PlyCount "83"]
[EventDate "2009.??.??"]
[WhiteTeam "Sfr.1891 Friedberg"]
[BlackTeam "VSG 1880 Offenbach"]

1. e4 g6 2. d4 c6 3. c4 d5 4. cxd5 cxd5 5. exd5 Nf6 6. Bb5+ Nbd7 7. Nc3 a6 8.
Ba4 Bg7 9. a3 O-O 10. d6 b5 11. Bb3 Bb7 12. Nf3 exd6 13. O-O Nb6 14. Bg5 h6 15.
Bh4 Rc8 16. Qd3 Nc4 17. Bxc4 bxc4 18. Qd2 g5 19. Bg3 Ne4 20. Nxe4 Bxe4 21. Ne1
Qb6 22. Rd1 f5 23. f3 Ba8 24. Bf2 Rb8 25. Rb1 Bd5 26. Nc2 a5 27. Ne3 Qc6 28.
Qxa5 Rb5 29. Nxd5 Qxd5 30. Qd2 Rb3 31. Rfd1 Rd3 32. Qc2 Bxd4 33. Rxd3 cxd3 34.
Qd2 Bxf2+ 35. Kxf2 Rc8 36. Rc1 Re8 37. Re1 Qd4+ 38. Kf1 Rxe1+ 39. Qxe1 d2 40.
Qe8+ Kg7 41. Qe7+ Kg6 42. Qe6+ 1/2-1/2

[Event "Frankfurt Ch 2009"]
[Site "Ffm-Kalbach, LAZ"]
[Date "2009.05.11"]
[Round "3.16"]
[White "Winand, Edgar"]
[Black "Klundt, Klaus"]
[Result "0-1"]
[WhiteElo "2055"]
[BlackElo "2347"]
[PlyCount "82"]
[EventDate "2009.??.??"]
[WhiteTeam "SV Oberursel"]
[BlackTeam "SF Burgsinn"]

1. g4 d5 2. Bg2 c6 3. h3 e5 4. d3 Bd6 5. Nc3 Be6 6. e4 Ne7 7. Bg5 f6 8. Bh4 Qb6
9. Qc1 Nd7 10. Nge2 O-O-O 11. b3 Kb8 12. Na4 Qa5+ 13. Kf1 h5 14. f3 dxe4 15.
dxe4 b5 16. Be1 Qa6 17. Nb2 Ba3 18. Rb1 Ng6 19. Qd2 Bc5 20. Qa5 Qxa5 21. Bxa5
Nb6 22. Nd3 Be3 23. Bb4 Nd7 24. Bd6+ Kb7 25. c4 Nb6 26. Nc5+ Bxc5 27. Bxc5 bxc4
28. Be3 cxb3 29. axb3 Rd3 30. Kf2 Rxb3 31. Rxb3 Bxb3 32. gxh5 Nh4 33. Bf1 Rxh5
34. Ng3 Rh8 35. Be2 Be6 36. Rd1 Bxh3 37. Bxb6 axb6 38. Rd6 Ng6 39. Nf5 Kc7 40.
Rd2 Bxf5 41. exf5 Nf4 0-1

[Event "Frankfurt Ch 2009"]
[Site "Ffm-Kalbach, LAZ"]
[Date "2009.05.11"]
[Round "3.17"]
[White "Schramm, Christian"]
[Black "Pauly, Markus"]
[Result "1-0"]
[WhiteElo "2307"]
[BlackElo "1883"]
[PlyCount "51"]
[EventDate "2009.??.??"]
[WhiteTeam "SC 1959 Obernau"]
[BlackTeam "Köspr.Bernkastel"]

1. e4 c5 2. Nf3 a6 3. Nc3 b5 4. d4 cxd4 5. Qxd4 Nc6 6. Qe3 e6 7. Bd3 Bb4 8. Bd2
Nf6 9. O-O O-O 10. e5 Bxc3 11. Bxc3 Nd5 12. Qe4 g6 13. Bd2 f5 14. exf6 Qxf6 15.
Bh6 Re8 16. c3 Bb7 17. Rfe1 Nde7 18. Bg5 Qg7 19. Qh4 Nf5 20. Qh3 Rac8 21. Rad1
Nd8 22. Bxf5 gxf5 23. Bh6 Qe7 24. Qg3+ Kh8 25. Bg5 Qg7 26. Rxd7 1-0

[Event "Frankfurt Ch 2009"]
[Site "Ffm-Kalbach, LAZ"]
[Date "2009.05.11"]
[Round "3.18"]
[White "Prudlo, Simon"]
[Black "Funkschmidt, Kai"]
[Result "1-0"]
[WhiteElo "2238"]
[BlackElo "1871"]
[PlyCount "97"]
[EventDate "2009.??.??"]
[WhiteTeam "vereinslos"]
[BlackTeam "SC Empor Maulwurf Bonn"]

1. e4 e6 2. d4 d5 3. Nd2 dxe4 4. Nxe4 Bd7 5. Nf3 Bc6 6. Bd3 Nd7 7. O-O Ngf6 8.
Ng3 Bxf3 9. Qxf3 c6 10. Re1 Be7 11. Bd2 O-O 12. c4 Re8 13. Bc3 Qc7 14. Rac1 a5
15. d5 Bb4 16. dxe6 Rxe6 17. Rxe6 fxe6 18. Ne4 Bxc3 19. Rxc3 Qe5 20. Nxf6+ Nxf6
21. g3 Rf8 22. Rc2 Qh5 23. Qxh5 Nxh5 24. Re2 Re8 25. Re5 Nf6 26. Rxa5 e5 27.
Kf1 e4 28. Be2 e3 29. f3 Rd8 30. Ra3 Rd2 31. b4 Rb2 32. Rb3 Rxa2 33. Rxe3 Rb2
34. b5 Rb1+ 35. Kf2 Rb2 36. bxc6 bxc6 37. Re6 c5 38. Rc6 Nd7 39. Rc7 Ne5 40.
Ke3 Rb3+ 41. Ke4 Rb2 42. Bf1 Ng6 43. h4 Rb1 44. Bh3 Re1+ 45. Kd5 Re3 46. h5 Ne5
47. Be6+ Kf8 48. Kd6 g6 49. h6 1-0

[Event "Frankfurt Ch 2009"]
[Site "Ffm-Kalbach, LAZ"]
[Date "2009.05.11"]
[Round "3.19"]
[White "Reschke, Thomas"]
[Black "Grass, Ernest"]
[Result "1/2-1/2"]
[WhiteElo "2222"]
[BlackElo "1948"]
[PlyCount "37"]
[EventDate "2009.??.??"]
[WhiteTeam "SC Frankfurt-West"]
[BlackTeam "Sfr. Braunfels e.V."]

1. c4 f5 2. g3 Nf6 3. Bg2 g6 4. Nc3 Bg7 5. d3 Nc6 6. e4 d6 7. Nge2 e5 8. Rb1
O-O 9. b4 fxe4 10. dxe4 Be6 11. Nd5 Qd7 12. O-O Rf7 13. c5 dxc5 14. bxc5 b6 15.
Qc2 Nxd5 16. exd5 Bxd5 17. Rd1 Nd4 18. Nxd4 exd4 19. c6 1/2-1/2

[Event "Frankfurt Ch 2009"]
[Site "Ffm-Kalbach, LAZ"]
[Date "2009.05.11"]
[Round "3.20"]
[White "Schreiner, Roland"]
[Black "Kretner, Georg-Ulrich"]
[Result "1-0"]
[WhiteElo "2153"]
[BlackElo "1850"]
[PlyCount "49"]
[EventDate "2009.??.??"]
[WhiteTeam "SC Heusenstamm"]
[BlackTeam "SC Bad Nauheim"]

1. d4 g6 2. c4 Bg7 3. Nc3 Nf6 4. e4 d6 5. f3 O-O 6. Bg5 c6 7. Nge2 b5 8. Ng3
bxc4 9. Bxc4 Qa5 10. Qd2 Ba6 11. Bxa6 Qxa6 12. Nge2 Nbd7 13. O-O Rab8 14. Kh1
c5 15. Rad1 cxd4 16. Nxd4 Rfc8 17. Rfe1 Ne5 18. b3 Nc6 19. Nxc6 Rxc6 20. Bxf6
Bxf6 21. Nd5 Rbc8 22. Nb4 Bc3 23. Qxc3 Qa5 24. Qd2 Rc3 25. Nd5 1-0

[Event "Frankfurt Ch 2009"]
[Site "Ffm-Kalbach, LAZ"]
[Date "2009.05.11"]
[Round "3.21"]
[White "Holzschuh, Gerald"]
[Black "Sarközy, Benjamin"]
[Result "1/2-1/2"]
[WhiteElo "2150"]
[BlackElo "1820"]
[PlyCount "116"]
[EventDate "2009.??.??"]
[WhiteTeam "SC Bad Nauheim"]
[BlackTeam "SC 1933 Somborn"]

1. e4 c5 2. c3 e6 3. d4 Nf6 4. e5 Nd5 5. Nf3 d6 6. c4 Nb6 7. dxc5 dxc5 8. Qxd8+
Kxd8 9. Nc3 Bd7 10. Be2 Bc6 11. Ng5 Ke8 12. O-O N8d7 13. f4 Be7 14. Nge4 f6 15.
exf6 Bxf6 16. Nxf6+ gxf6 17. b3 Nc8 18. Bh5+ Ke7 19. Re1 Rg8 20. g3 Nd6 21.
Nd5+ Bxd5 22. cxd5 e5 23. fxe5 fxe5 24. Bf4 Kf6 25. Bh6 Ke7 26. Bf4 Kf6 27. Bd2
Ke7 28. Kg2 Raf8 29. h4 Nf5 30. Bg5+ Kd6 31. g4 Nd4 32. Rf1 Nc2 33. Rac1 Rxf1
34. Kxf1 Rf8+ 35. Kg2 Nb4 36. Bh6 Rf6 37. g5 Rf5 38. Bg4 Rf7 39. Be6 Re7 40.
Rd1 Nc2 41. Kg3 Nd4 42. Bg4 Kxd5 43. h5 b5 44. Rf1 Ne6 45. g6 hxg6 46. hxg6 Nf4
47. Rd1+ Kc6 48. Bxd7+ Rxd7 49. Rxd7 Kxd7 50. g7 Nh5+ 51. Kf3 Nf6 52. Bg5 Ng8
53. Be3 Kd6 54. Ke4 Ne7 55. b4 cxb4 56. Bxa7 Ke6 57. Bb8 Kf7 58. Bxe5 Nc6
1/2-1/2

[Event "Frankfurt Ch 2009"]
[Site "Ffm-Kalbach, LAZ"]
[Date "2009.05.11"]
[Round "3.22"]
[White "Zimmer, Gerald"]
[Black "Drill, Frank"]
[Result "0-1"]
[WhiteElo "1772"]
[BlackElo "2133"]
[PlyCount "42"]
[EventDate "2009.??.??"]
[WhiteTeam "SC Bergen-Enkheim 1922"]
[BlackTeam "Sfr.Neuberg"]

1. d4 d5 2. Nf3 Bg4 3. e3 e6 4. c4 c6 5. cxd5 exd5 6. Be2 Nd7 7. Nc3 Bxf3 8.
Bxf3 f5 9. g4 fxg4 10. Bxg4 Qh4 11. e4 Ngf6 12. Bxd7+ Kxd7 13. e5 Re8 14. Qb3
Kc8 15. Be3 Ng4 16. Ne2 Bb4+ 17. Kd1 Be7 18. f4 Rhf8 19. Ng3 Nxe3+ 20. Qxe3
Rxf4 21. Ne2 Re4 0-1

[Event "Frankfurt Ch 2009"]
[Site "Ffm-Kalbach, LAZ"]
[Date "2009.05.11"]
[Round "3.23"]
[White "Koch, Markus"]
[Black "Petri, Igor"]
[Result "1-0"]
[WhiteElo "2008"]
[BlackElo "1818"]
[PlyCount "73"]
[EventDate "2009.??.??"]
[WhiteTeam "SC Brett vor'm Kopp Ffm"]
[BlackTeam "TuS Makkabi Ffm"]

1. c4 f5 2. g3 Nf6 3. Bg2 e6 4. e3 d5 5. Ne2 c6 6. b3 Bd6 7. O-O O-O 8. Nbc3
Bd7 9. d3 Be8 10. e4 dxe4 11. dxe4 Bh5 12. Qc2 Bxe2 13. Qxe2 Be5 14. Bb2 fxe4
15. Nxe4 Bxb2 16. Qxb2 Nxe4 17. Bxe4 Qf6 18. Qe2 Na6 19. Rad1 Rad8 20. Qe3 b6
21. Bxc6 Nb4 22. Bd7 e5 23. Qe2 Qe7 24. Ba4 e4 25. a3 Nd3 26. Bc6 Qxa3 27. Bxe4
Nc5 28. Rxd8 Rxd8 29. Bd5+ Kh8 30. Qe7 Rb8 31. Re1 h6 32. Qf7 Qb2 33. Re8+ Rxe8
34. Qxe8+ Kh7 35. Bg8+ Kh8 36. Bf7+ Kh7 37. Qg8# 1-0

[Event "Frankfurt Ch 2009"]
[Site "Ffm-Kalbach, LAZ"]
[Date "2009.05.11"]
[Round "3.24"]
[White "Aadland, Hans Joachim"]
[Black "Syed, Tareq"]
[Result "1/2-1/2"]
[WhiteElo "1493"]
[BlackElo "2118"]
[PlyCount "90"]
[EventDate "2009.??.??"]
[WhiteTeam "SC Bergen-Enkheim 1922"]
[BlackTeam "SC Brett vor'm Kopp Ffm"]

1. e4 g6 2. Nc3 c6 3. Bc4 Bg7 4. d3 e6 5. f4 d5 6. Bb3 Nd7 7. Nf3 Nc5 8. Bd2
Ne7 9. O-O O-O 10. Qe1 Bd7 11. Rb1 Nxb3 12. axb3 Nc8 13. Ne2 dxe4 14. dxe4 c5
15. Ng3 Bc6 16. Rd1 Qc7 17. c3 b6 18. f5 exf5 19. exf5 Re8 20. Qf2 f6 21. fxg6
hxg6 22. Nh4 Ne7 23. Rfe1 Kh7 24. Ne4 Bxe4 25. Rxe4 Nc6 26. Rxe8 Rxe8 27. Nf3
Re4 28. Re1 Qe7 29. Qg3 Rxe1+ 30. Bxe1 Qe2 31. Qf2 Qxf2+ 32. Kxf2 Bh6 33. Bd2
Bxd2 34. Nxd2 Na5 35. Kf3 f5 36. Kf4 Nc6 37. Nf3 Kg7 38. Kg5 Nd8 39. Kf4 Kf6
40. h4 Nc6 41. g3 a6 42. g4 fxg4 43. Kxg4 Ne7 44. Kf4 Nc6 45. Kg4 Ne7 1/2-1/2

[Event "Frankfurt Ch 2009"]
[Site "Ffm-Kalbach, LAZ"]
[Date "2009.05.11"]
[Round "3.25"]
[White "Benninger, Rudolf"]
[Black "Hillgaertner, Walter"]
[Result "1-0"]
[WhiteElo "2141"]
[BlackElo "1976"]
[PlyCount "87"]
[EventDate "2009.??.??"]
[WhiteTeam "SC Heusenstamm"]
[BlackTeam "SC Bad Nauheim"]

1. e4 c5 2. Nf3 Nc6 3. c3 e5 4. Bc4 Qc7 5. O-O Be7 6. d3 Nf6 7. Bg5 O-O 8. Nbd2
d6 9. Re1 Bg4 10. h3 Bh5 11. Nf1 Rab8 12. a4 a6 13. Ne3 Bg6 14. Nh4 Kh8 15.
Nhf5 Qd8 16. h4 Bxf5 17. Nxf5 b5 18. axb5 axb5 19. Bb3 Ng8 20. Ra6 Rc8 21. Bd5
Bxg5 22. Bxc6 Bf6 23. Bxb5 Rb8 24. c4 Rb6 25. Ra7 g6 26. Ne3 Bg7 27. Nd5 Rb8
28. Rd7 Qxh4 29. Rxd6 Nh6 30. Ne3 f5 31. exf5 gxf5 32. g3 Qh3 33. Qe2 f4 34.
Bd7 Nf5 35. Nxf5 Rbd8 36. Nxg7 Rxd7 37. Rxd7 fxg3 38. f3 Qxd7 39. Nh5 Rf5 40.
Nxg3 Rg5 41. Kf2 Qh3 42. Rg1 Qh4 43. Qe4 Qh6 44. Qa8+ 1-0

[Event "Frankfurt Ch 2009"]
[Site "Ffm-Kalbach, LAZ"]
[Date "2009.05.11"]
[Round "3.26"]
[White "Bastian, Holger"]
[Black "Henrich, Thomas"]
[Result "0-1"]
[WhiteElo "1774"]
[BlackElo "2209"]
[PlyCount "50"]
[EventDate "2009.??.??"]
[WhiteTeam "SC S.-W. Schweinheim"]
[BlackTeam "SK 1858 Gießen"]

1. e4 c5 2. Nf3 d6 3. d3 Nc6 4. g3 Nf6 5. Bg2 g6 6. O-O Bg7 7. Nbd2 Bd7 8. Re1
O-O 9. a4 Qc7 10. Nc4 Rad8 11. c3 e5 12. Bg5 h6 13. Bd2 Be6 14. Ne3 d5 15. Nc2
dxe4 16. dxe4 Na5 17. b4 cxb4 18. cxb4 Nb3 19. Rb1 Rd7 20. Ne3 Nxe4 21. Rb2
Rfd8 22. Nf1 Nbxd2 23. N3xd2 Nxd2 24. Nxd2 Qc3 25. Rc2 Rxd2 0-1

[Event "Frankfurt Ch 2009"]
[Site "Ffm-Kalbach, LAZ"]
[Date "2009.05.11"]
[Round "3.27"]
[White "Minor, Dieter"]
[Black "Escher, Helmut"]
[Result "0-1"]
[WhiteElo "1848"]
[BlackElo "2127"]
[PlyCount "82"]
[EventDate "2009.??.??"]
[WhiteTeam "SV Wiesbaden 1885"]
[BlackTeam "SV Oberursel"]

1. d4 Nf6 2. Bf4 e6 3. Nf3 d5 4. e3 Bd6 5. Ne5 Nbd7 6. Nd2 Qe7 7. Ndf3 Ne4 8.
Bd3 f6 9. Nxd7 Bxd7 10. Bxd6 Qxd6 11. Nd2 Nxd2 12. Qxd2 O-O-O 13. O-O-O e5 14.
Kb1 e4 15. Be2 Kb8 16. c4 dxc4 17. Bxc4 f5 18. Qa5 Rhf8 19. d5 f4 20. Qd2 fxe3
21. Qxe3 Qf4 22. Qxf4 Rxf4 23. Rhf1 Rdf8 24. Kc1 Rxf2 25. Rxf2 Rxf2 26. Rf1
Rxf1+ 27. Bxf1 Bf5 28. Kd2 Kc8 29. Ke3 Kd7 30. g3 Kd6 31. Kd4 b6 32. b4 Bg6 33.
Bg2 e3 34. Kxe3 Ke5 35. a3 h6 36. h4 Bf7 37. g4 Bxd5 38. Bxd5 Kxd5 39. Kf4 c5
40. g5 cxb4 41. axb4 a5 0-1